| 000 | 00625cam a2200205 4500 | ||
|---|---|---|---|
| 001 | 3913 | ||
| 010 | _a 92050836 | ||
| 020 |
_a0679744398 _c |
||
| 100 | 1 |
_aMcCarthy, Cormac, _d1933- |
|
| 245 | 1 | 0 |
_aAll the pretty horses / _cCormac McCarthy. |
| 260 |
_aNew York : _bVintage Books, _c1993. |
||
| 300 |
_a301 p. ; _c21 cm. |
||
| 490 | 1 |
_aThe Border trilogy ; _vv. 1 |
|
| 650 | 0 |
_aRanch life _xFiction. |
|
| 651 | 0 |
_aMexican-American Border Region _vFiction. |
|
| 651 | 0 |
_aTexas _xFiction. |
|
| 655 | 7 |
_aAdventure stories. _2gsafd |
|
| 655 | 7 |
_aBildungsromane. _2gsafd |
|
| 800 | 1 |
_aMcCarthy, Cormac, _d1933- _tBorder trilogy ; _vv. 1. |
|
| 999 |
_c3192 _d3192 |
||